Biblioteca

Construyendo la justicia restaurativa en América Latina : Textos de apoyo / Ted Wachtel... [et. al] (Registro nro. 42184)

Detalles MARC
000 -LÍDER
Campo fijo de descripción fija 008720000a22001690004500
001 - NÚMERO DE CONTROL
Campo de control 13196
041 0# - CÓDIGO DE IDIOMA
Código de idioma para texto/pista de sonido o título separado
082 04 - NÚMERO DE CLASIFICACIÓN DECIMAL DEWEY
Número de clasificación G 345 S2371t
245 10 - TÍTULO
Título del Material Construyendo la justicia restaurativa en América Latina : Textos de apoyo / Ted Wachtel... [et. al]
260 ## - PUBLICACIÓN, DISTRIBUCIÓN, ETC. (PIE DE IMPRENTA)
Lugar de publicación, distribución, etc. Costa Rica : ]s. n.]
300 ## - DESCRIPCIÓN FÍSICA
Extensión 76 Pag
336 ## - CONTENT TYPE
Content type term texto
Content type code txt
Source rdacontent
337 ## - MEDIA TYPE
Source rdamedia
Media type term sin mediación
Media type code n
338 ## - CARRIER TYPE
Source rdacarrier
Carrier type term volumen
Carrier type code nc
505 00 - NOTA DE CONTENIDO
Nota de contenido con formato preestablecido - Justicia restaurativa en la vida cotidiana : Más allá del ritual formal. Ted Wachtel - Construyendo apoyo local para la justicia restaurativa. Lynette Parker - Aplicando la mediación y los procesos de concenso en el marco de la justicia restuarativa. Cynthia Olson - El uso de prácticas restaurativas en América Latina. Lynette Parker - Creando leyes para la justicia restaurativa. Dan Van Ness y Pat Nolan
942 ## - TIPO DE MATERIAL (KOHA)
Tipo de Item KOHA Libros General
Existencias
Estado de Material Estado de Perdido Estado de Dañado No para Préstamo Colección Tomo Biblioteca de Origen Biblioteca Permanente Fecha de Adquisición Total de Préstamos Signatura Topográfica Código de Barras Última vez visto Última vez Préstado Ejemplar/Existencia Fecha de Remplazo Tipo de Material
        Colección General   Biblioteca FUSBC Biblioteca FUSBC 24/10/2005 1 G 345 S2371t 15461 09/10/2025 07/10/2025 1 26/01/2016 Libros General

Biblioteca FUSBC | Teléfono: (57+4) 349 88 10 Ext. 141| WhatsApp (+57) 3005338115 
E-mail: biblioteca@unisbc.edu.co | Calle 76 87-14 Robledo Palenque, Medellín, Colombia

Con tecnología Koha